[Event "Tehran Alborz op 1st"]
[Site "Tehran"]
[Date "2014.03.06"]
[Round "1"]
[White "Noroozi, Omid"]
[Black "Khodaverdian, Omid"]
[Result "1-0"]
[WhiteElo "2382"]
[BlackElo "1769"]
[PlyCount "79"]
[EventDate "2014.03.06"]
[EventType "swiss"]
[EventRounds "11"]
[EventCountry "IRI"]
[SourceTitle "CBM 159 Extra"]
[Source "ChessBase"]
[SourceDate "2014.04.24"]
[SourceVersion "1"]
[SourceVersionDate "2014.04.24"]
[SourceQuality "1"]

1. c4 g6 2. Nc3 Bg7 3. d4 Nf6 4. e4 d6 5. Be2 0-0 6. Bg5 c5 7. dxc5 Qa5 8. Bd2 Qxc5 9. Nf3 Bg4 10. Be3 Qa5 11. 0-0 Nc6 12. Rc1 Rac8 13. b3 a6 14. a4 Rfd8 15. h3 Bxf3 16. Bxf3 e6 17. g3 Nd7 18. Bd2 Qc5 19. Bg2 Nde5 20. Be3 Qa5 21. Qd2 Qb4 22. Qc2 Na5 23. Rb1 Nexc4 24. bxc4 Qxc4 25. Bb6 Qxc3 26. Qxc3 Bxc3 27. Bxd8 Rxd8 28. Rfc1 Bd4 29. Kf1 e5 30. Rc7 Bc5 31. h4 b6 32. Ke1 Nc4 33. Rb3 Ra8 34. Bf1 Na5 35. Rf3 Rf8 36. Bxa6 f5 37. exf5 gxf5 38. Rc8 Rxc8 39. Bxc8 Nc4 40. Be6+ 1-0